| 000 | 00410nam a2200145Ia 4500 | ||
|---|---|---|---|
| 008 | 170725s9999 xx 000 0 und d | ||
| 100 | _aAndrea L.. Santiago | ||
| 245 | _aAnother Look at Demand-Side Digital Piracy | ||
| 245 | _cAndrea L.. Santiago | ||
| 260 | _c2017 | ||
| 300 | _apages 159-174, January | ||
| 440 |
_aDLSU Business & Economics Review _v26:2 |
||
| 500 | _aCJ0034 | ||
| 650 | _aDIGITAL PIRACY | ||
| 999 |
_c340912 _d340912 |
||